000 00459cam a2200181ua 4500
020 _c35.00
041 _aeng
_h
082 _a519.062
_bVEN/EN
100 _aVenkataraman, M K .
245 _aEngineering mathematics, Vol 2 /
_cM K Venkataraman.
_hTextual Documents
250 _a4 /
_b.
260 _aChennai :
_bThe National Publishing Co ,
_c1993.
300 _a819 ; .
365 _a35.00
504 _a
942 _cBK
999 _c9135
_d9135